000 00795cam a22001934a 4500
005 20250605164022.0
008 250528s ||||||||||||||||||||||||d
035 _a16375
020 _a442228775
040 _aGR-AtMCL
_bgre
_dGR-AtMCL
_eAACR2
245 1 _aCenters of the Urban Environment / Survival of the Cities
260 _bVan Nostrand Reinhold,
_c1973
300 _a274
520 _aForeword, Horizons and Restraints, The Regional Sopping Center - Its Contribution to Environmental Planning, Tenty Years: Shopping Towns International, The Unifunctional Centre - Its Rise and the Downfall of Urbanism, The Multifunctional Centre, Urban Cores, The Emerging New Urban Pattern, Summary, Index.
700 1 _aGruen Victor
_92469
942 _cBK
999 _c1883
_d1883